Bienvenue à la Médiathèque de Saint-Andiol
banniere
Accueil Recherche avancée Mon compte
handi1 Rechercher dans le catalogue

Filtre   Mots-clés
  Recherche avancée
 
Lister les dernières nouveautés
 
Lister les livres GROS CARACTERES
 
Lister les périodiques (magazines)

handi1 Retour aux Indes

<< Retourner aux résultats de la recherche
Book Cover
Auteur principal : Audrey Alwett
Autres auteurs : Nora Moretti
Titre : Retour aux Indes
Support : Livres
Langue : Francais
Publié : DL 2012 Soleil Toulon
Series : Princesse Sara
Genre : Bande Dessinée (enfants)
Collection : Princesse Sara
Sujets :
Étiquettes :
Pas de tags
LEADER 01222nam0a2200229 450
001 16834173
010 |a 978-2-302-02412-0  |b rel.  |d 10,5 € 
100 |a 20140729d2026 u u0frey01 ba 
101 0 |a fre 
102 |a FR 
200 0 |a Retour aux Indes  |f scénario, Audrey Alwett  |g dessin, Nora Moretti - couleurs, Marina Duclos... - dessin, Nora Moretti - couleurs, Marina Duclos... 
207 1 |a   
210 |a Toulon  |c Soleil  |d DL 2012 
215 |a 1 vol. (46 p.)  |c ill. en coul., couv. ill. en coul.  |d 33 cm 
225 1 |a Princesse Sara  |v 5 
330 |a Les années se sont écoulées depuis que Sara Crewe a retrouvé sa fortune. Elle est devenue une belle jeune femme à qui il ne manque qu'une chose pour être heureuse : récupérer la fabrique d'automates qui a fait la légende de sa famille. Mais le nouveau propriétaire refuse de revendre l'usine même à un prix élevé. Sara décide de revenir aux Indes sous une fausse identité. 
461 0 |t Princesse Sara  |v 5 
700 0 |a Alwett  |b Audrey  |f 1982-....  |4 70 
702 0 |a Moretti  |b Nora  |f 1980-....  |4 440 
900 |a Bande Dessinée (enfants) 
901 |a Jeunesse 
995 |a Médiathèque  |c Médiathèque  |f 089013304  |h 089013304  |k BD PRI T.5  |o p  |q j  |r az  |e Médiathèque